Pro Slovakia 1995

Zasadnutie 13 komisií Štátneho fondu kultúry Pro Slovakia v apríli 1995. Rozdelenie finančných prostriedkov fyzickým a právnickým osobám na stanovené účely na základe zákona SNR č.96/1991 Zb. a jeho zmien a doplnkov, ktorý stanovuje účely fondu Pro Slovakia. Podpora konkrétnych kultúrnych aktivít a...

Ausführliche Beschreibung

Gespeichert in:
Bibliographische Detailangaben
1. Verfasser: Bakoš, S.
Format: Buchkapitel
Sprache:Slowakisch
Schlagworte:
Tags: Tag hinzufügen
Keine Tags, Fügen Sie das erste Tag hinzu!

MARC

LEADER 00000naa a2200000 4500
001 r018205
005 20221213101415.7
041 0 |a slo 
044 |a SK 
245 1 0 |a Pro Slovakia 1995  |c S. Bakoš 
520 |a Zasadnutie 13 komisií Štátneho fondu kultúry Pro Slovakia v apríli 1995. Rozdelenie finančných prostriedkov fyzickým a právnickým osobám na stanovené účely na základe zákona SNR č.96/1991 Zb. a jeho zmien a doplnkov, ktorý stanovuje účely fondu Pro Slovakia. Podpora konkrétnych kultúrnych aktivít a projektov, na ktoré boli rozdelené finančné prostriedky. 
610 2 0 |a Pro Slovakia 
610 2 0 |a 1995 
610 2 0 |a fondy finančné 
610 2 0 |a financovanie 
610 2 0 |a kultúra 
610 2 0 |a pamiatky 
610 2 0 |a Slovensko 
610 2 0 |a dotácie 
610 2 0 |a zákony 
610 2 0 |a 1991 
100 1 |a Bakoš, S.